000 00884nam a2200277 c 4500
999 _c51236
_d51236
003 BLK
005 20240604005350.0
008 180408b bul|||||r ||||||| ||bul||
010 _aKNG00055138000
040 _aBLK
041 _aBUL
_cBUL
080 _aБългарска литература
_b821.163.2
_x-32
_z821.163.2-32
100 _aЕлин Пелин
_qСтоянов, Димитър Иванов
_9363511
139 _aЕлин Пелин
_bЕ 53
245 1 0 _aПовести и разкази
_cЕлин Пелин.
257 _aBGR
260 _aСофия
_bБълг. писател
_c1968
300 _a701 с.
_c19 см
380 _aX
490 1 _aБиблиотека Български писатели
852 _aЦб 44971
_bЦб
942 _cKNG
_n0
_s1
944 _aCR
_c26.08.2005
_k
_lCRON CRON
944 _aED
_c2022-06-13
_kСТ
999 _d51236